| 000 | 00625nam a2200193Ia 4500 | ||
|---|---|---|---|
| 003 | LDD | ||
| 008 | 190117s9999 xx 000 0 und d | ||
| 020 | _c₹50 | ||
| 040 | _cLDD | ||
| 041 | _ahi | ||
| 082 | _a8H3.7 या4668सा-29 | ||
| 100 | _aयादव, राजेन्द्र | ||
| 245 | 0 |
_aसारा आकाश _cराजेन्द्र यादव |
|
| 260 |
_aनई दिल्ली _bराधाकृष्ण _c1996 |
||
| 300 | _a181 | ||
| 901 | _aHBC | ||
| 904 | _aReqst by : आशा एस कंवर | ||
| 942 |
_2ddc _cH |
||
| 999 |
_c167739 _d167739 |
||